00571nam a22001817a 4500003000500000005001700005008004100022020002700063040001900090082002400109100002100133245003800154260003900192300003100231538007600262650002500338856002600363Nust20170515123833.0140430b xxu||||| |||| 00| 0 eng d cAvailablea.9812548939 aDLCbDLCcRCMS 23rd, ed.a519.4 CHA aChapman,Stepen J aMATLAB Programming for Engineers  aSingaporebThomson Learningcc2004 axviii,540,p:bill:c25,cm. iShelf # 15, Row # 3, Communication. Shelf # 15, Row # 5, Communication. aComputer Engineering 3Table of Content Only